|
|
|
|
| LEADER |
00979nam a2200265 a 4500 |
| 001 |
2052427 |
| 008 |
111112s1994 enk b 001 0 eng |
| 010 |
|
|
|a 93038739
|
| 020 |
|
|
|a 0631188061 (alk. paper)
|
| 020 |
|
|
|a 063118807X (alk. paper)
|
| 040 |
|
|
|a DLC
|c DLC
|d DLC
|b D-DhAAL
|
| 043 |
|
|
|a e-fr---
|
| 082 |
0 |
0 |
|a 194
|2 20
|
| 245 |
0 |
0 |
|a Althusser :
|b a critical reader /
|c edited by Gregory Elliott.
|
| 260 |
|
|
|a Oxford, UK ;
|a Cambridge, Mass., USA :
|b Blackwell,
|c 1994.
|
| 300 |
|
|
|a xv, 214 p. ;
|c 24 cm.
|
| 504 |
|
|
|a Includes bibliographical references (p. 203-214) and index.
|
| 541 |
|
|
|e 00014574
|
| 600 |
1 |
0 |
|a Althusser, Louis,
|d 1918-1990
|
| 650 |
|
0 |
|a Philosophy, French
|y 20th century.
|
| 650 |
|
0 |
|a Marxist criticism.
|
| 700 |
1 |
|
|a Elliott, Gregory.
|
| 852 |
1 |
|
|a Ayesha Abed Library
|c General shelf.
|
| 999 |
|
|
|c 11384
|d 11384
|
| 952 |
|
|
|0 0
|1 0
|2 ddc
|4 0
|6 194_ALT
|7 0
|9 18518
|a BRACUL
|b BRACUL
|c GEN
|d 2011-11-12
|l 2
|m 5
|o 194 ALT
|p 3010014574
|r 2014-07-01
|s 2014-05-20
|t 1
|w 2011-11-12
|y BK
|